000 00376nam a22001337a 4500
020 _a9788120329676
082 _222
_a621.381522
100 _aBoylestad, Robert L and Nashelsky, Louis.
245 _aElectronic devices and circuit theory /
250 _a9th.
260 _aNew Delhi,
_bPrentice Hall,
_cc2006.
300 _axv, 896 p. ;
_bill. ;
_c28 cm.
942 _2ddc
_cEE
_079
999 _c1661
_d1661